000 00982nam a2200265Ia 4500
001 7108
003 GE_BSU
008 181216s||||||||xx |||||||||||||| ||und||
020 _a9789941194269.
040 _cGE_BSU
080 _a821.353.1+821.353.1-32
100 _aრჩეულიშვილი,გურამ.
245 _aმოთხრობები:1958-1960 წლები. ტ.3
245 _bპროზა.
245 _cშემდგ:მარინე რჩეულიშვილი;სარედ:ჯგ.ზურაბ აბაშიძე;მანანა ჯანელიძე;ირმა ხარშილაძე.
250 _a(ჩემი რჩეული, ტ34: ISSN 2233-3037)
260 _aთბილისი.
260 _bპალიტრა L.
260 _c2012.
300 _a392გვ;20სმ.
541 _h8ლ.
653 _aმოთხრობები.
653 _aპროზა.
942 _cBK
999 _c40497
_d40497